header

Water (Record no. 14525)

MARC details
000 -LEADER
fixed length control field 02878nam a2200385 a 4500
082 04 - DEWEY DECIMAL CLASSIFICATION NUMBER
Classification number 333.91
245 00 - TITLE STATEMENT
Title Water
260 ## - PUBLICATION, DISTRIBUTION, ETC. (IMPRINT)
Place of publication Enfield, N.H. :
Name of publisher Science Publishers,
Year of publication c2007.
300 ## - PHYSICAL DESCRIPTION
Number of Pages x, 360 p. :
Other physical details ill., maps (some col.).
650 #0 - SUBJECT ADDED ENTRY--TOPICAL TERM
Topical Term Water-supply
Topical Term Water-supply
Topical Term Water resources development.
Topical Term Water rights.
Topical Term Conflict management.
700 1# - ADDED ENTRY--PERSONAL NAME
Personal name Grover, Velma I.
856 40 - ELECTRONIC LOCATION AND ACCESS
Uniform Resource Identifier http://site.ebrary.com/lib/rucke/Doc?id=10256219

No items available.

© 2026 Rongo University
Contact us: librarian | system librarian | Rongo university